[Event "GER-chT U12"]
[Site "Muenchen"]
[Date "2022.12.28"]
[Round "3"]
[White "Kalinin, Alexej"]
[Black "Mast, Noah Ben"]
[Result "1-0"]
[WhiteElo "1330"]
[BlackElo "1122"]
[PlyCount "61"]
[EventDate "2022.12.26"]
[EventType "team-swiss"]
[EventRounds "7"]
[EventCountry "GER"]
[SourceTitle "CBM 212 Extra"]
[Source "ChessBase"]
[SourceDate "2023.03.31"]
[SourceVersion "1"]
[SourceVersionDate "2023.03.31"]
[SourceQuality "1"]
[WhiteTeam "Weimar"]
[BlackTeam "Heilbronn"]
[WhiteTeamCountry "GER"]
[BlackTeamCountry "GER"]

1. d4 d5 2. e3 Nf6 3. Nf3 Nc6 4. Bd3 Bg4 5. Nbd2 e5 6. Be2 Bxf3 7. Nxf3 e4 8. Nd2 Bd6 9. c4 Nb4 10. c5 Be7 11. Qa4+ Nc6 12. f3 0-0 13. fxe4 Nxe4 14. 0-0 Bg5 15. Nf3 f5 16. Bd3 Re8 17. Qb3 Na5 18. Qb4 b6 19. cxb6 axb6 20. Qe1 c5 21. dxc5 Nxc5 22. Bxf5 Qf6 23. Nxg5 Qxg5 24. b4 Nc4 25. bxc5 Nxe3 26. Bxe3 Rxe3 27. Qf2 bxc5 28. Be6+ Rxe6 29. Qf7+ Kh8 30. Qf8+ Rxf8 31. Rxf8# 1-0